Historia de las ideas pedagógicas (Registro nro. 310621)
[ vista simple ]
| 000 -ENCABEZADO | |
|---|---|
| Número de control [NR] | 00880cam a2200265 a 4500 |
| 005 - FECHA Y HORA DE LA ÚLTIMA TRANSACCIÓN | |
| control field | 20181016121411.0 |
| 008 - DE LONGITUD FIJA DE DATOS DE ELEMENTOS - INFORMACIÓN GENERAL | |
| Elementos de longitud fija [NR] | 181016s1998 mx r 000 0 spa d |
| 015 ## - NUMERO DE BIBLIOGRAFIA NACIONAL [R] | |
| Número de bibliografía nacional [R] | NNN |
| 020 ## - NUMERO INTERNACIONAL NORMALIZADO PARA LIBROS [R] | |
| Número Internacional Normalizado del libro [NR] | 9682321530 |
| 020 ## - NUMERO INTERNACIONAL NORMALIZADO PARA LIBROS [R] | |
| Número Internacional Normalizado del libro [NR] | 9789682321535 |
| 035 ## - NUMERO DE CONTROL DEL SISTEMA [R] | |
| Número de control del sistema [NR] | (Sirsi) a629124 |
| 040 ## - FUENTE DE CATALOGACION [NR] | |
| Agencia de catalogación original [NR] | CO-BoUCM |
| Idioma de catalogación [NR] | spa |
| Quien Cataloga | Saul Niño |
| Quien Clasifica | Saul Niño |
| 041 1# - CODIGO DE IDIOMA [R] | |
| Código de idioma para texto/pista de sonido o título separado [R] | Español |
| 100 1# - ASIENTO PRINCIPAL--NOMBRE PERSONAL [NR] | |
| Nombre personal [NR] | Gadotti, Moacir |
| ID Autoridad | 94007 |
| 245 10 - MENCION DE TITULO [NR] | |
| Título [NR] | Historia de las ideas pedagógicas |
| Mención de responsabilidad, etc. [NR] | por Moacir Gadotti ; traducción de Noemí Alfaro |
| 260 ## - PUBLICACION, DISTRIBUCION, ETC. (PIE DE IMPRENTA) [R] | |
| Lugar de publicación, distribución, etc. [R] | Iztapalapa (México) |
| Nombre del editor, distribuidor, etc. [R] | Siglo Veintiuno |
| Fecha de publicación, distribución, etc. [R] | 1998 |
| 300 ## - DESCRIPCION FISICA [R] | |
| Extensión [R] | xix, 354 páginas |
| 490 0# - MENCION DE SERIE [R] | |
| Mención de serie [R] | Educación |
| 650 #7 - ASIENTO SECUNDARIO DE MATERIA - TERMINO TEMATICO [R] | |
| Término temático o nombre geográfico como elemento de entrada [NR] | Filosofía de la educación |
| 9 (RLIN) | 15758 |
| 650 #7 - ASIENTO SECUNDARIO DE MATERIA - TERMINO TEMATICO [R] | |
| Término temático o nombre geográfico como elemento de entrada [NR] | Pedagogía |
| Subdivisión general [R] | Historia |
| 9 (RLIN) | 40852 |
| 700 1# - ASIENTO SECUNDARIO - NOMBRE PERSONAL [R] | |
| Nombre personal [NR] | Alfaro, Noemí |
| Término de relación [R] | traductor |
| 9 (RLIN) | 94008 |
| 765 ## - ASIENTO DE IDIOMA ORIGINAL [R] | |
| Título [NR] | Historia das ideias pedagogicas |
| 942 ## - ELEMENTOS DE ENTRADA AGREGADOS (KOHA) | |
| Sistema de clasificación | DEWEY |
| Tema principal | Educación |
| Tipo de ítem principal el descrito en 300a | Libro de reserva |
| Edición | 1 |
| Clasificación | 370.1 |
| Parte restante de la signatura top. | G125p |
| Fecha de último préstamo | Total préstamos | Total Renewals | Signatura topográfica | Código de barras | Última vez visto | Ejemplar | Costo de reposición | Price effective from | Tipo de ítem | Perdido | Sistema de clasificación | Dañado | No prestable | Tipo de ítem específico | Suprimido | Ubicación habitual | Ubicación actual | Localización | Fecha de creación | Proveedor | Forma de adquisición | Costo |
|---|---|---|---|---|---|---|---|---|---|---|---|---|---|---|---|---|---|---|---|---|---|---|
| 20/08/2024 | 11 | 3 | 370.1 G125p | 100158165 | 05/12/2025 | Ej.2 | 83300.00 | 04/10/2018 | Libro | DEWEY | Libro | Claustro | Claustro | 2do piso | 04/10/2018 | 10 | Compra | 83300.00 | ||||
| 03/02/2023 | 4 | 2 | 370.1 G125p | 100158164 | 05/12/2025 | Ej.1 | 83300.00 | 04/10/2018 | Libro | DEWEY | Libro | Claustro | Claustro | 2do piso | 04/10/2018 | 10 | Compra | 83300.00 |